Federico Herrero / (Record no. 972)

MARC details
000 -LEADER
campo de control de longitud fija 00868nam a22002417a 4500
008 - DATOS DE LONGITUD FIJA--INFORMACIÓN GENERAL
campo de control de longitud fija 160704s2008 gw||||| |||| 00| 0 eng d
020 ## - NÚMERO INTERNACIONAL ESTÁNDAR DEL LIBRO
Número Internacional Estándar del Libro 9783941100541
082 ## - NÚMERO DE LA CLASIFICACIÓN DECIMAL DEWEY
Número de clasificación 759.972.86
Número de ítem H565f
100 ## - ENTRADA PRINCIPAL--NOMBRE DE PERSONA
Nombre de persona Herrero, Federico.
9 (RLIN) 3626
245 10 - MENCIÓN DEL TÍTULO
Título Federico Herrero /
Mención de responsabilidad, etc. Federico Herrero ; textos por Felicity Lunn y Paulo Herkenhoff.
250 ## - MENCION DE EDICION
Mención de edición 1a ed.
260 ## - PUBLICACIÓN, DISTRIBUCIÓN, ETC.
Lugar de publicación, distribución, etc. Alemania :
Nombre del editor, distribuidor, etc. Kunstverein Freiburg,
Fecha de publicación, distribución, etc. 2008.
300 ## - DESCRIPCIÓN FÍSICA
Extensión [200] p.
Otras características físicas il. col.
500 ## - NOTA GENERAL
Nota general Publicado para la ocasión de la exhibición "Federico Herrero" en Kunstverein Freiburg, del 12 de setiembre al 9 de noviembre del 2008.
653 10 - TÉRMINO DE INDIZACIÓN--NO CONTROLADO
Término no controlado Arte contemporáneo
653 10 - TÉRMINO DE INDIZACIÓN--NO CONTROLADO
Término no controlado Arte - Costa Rica
653 10 - TÉRMINO DE INDIZACIÓN--NO CONTROLADO
Término no controlado Arte costarricense
653 10 - TÉRMINO DE INDIZACIÓN--NO CONTROLADO
Término no controlado Artistas costarricenses
653 10 - TÉRMINO DE INDIZACIÓN--NO CONTROLADO
Término no controlado Pintura
653 10 - TÉRMINO DE INDIZACIÓN--NO CONTROLADO
Término no controlado Catálogo de exhibición
700 1# - ENTRADA AGREGADA--NOMBRE PERSONAL
Nombre de persona Lunn, Felicity.
9 (RLIN) 5282
700 1# - ENTRADA AGREGADA--NOMBRE PERSONAL
Nombre de persona Herkenhoff, Paulo.
9 (RLIN) 3073
Holdings
Estatus retirado Estado de pérdida Fuente del sistema de clasificación o colocación Estado de daño No para préstamo Biblioteca de origen Biblioteca actual Ubicación en estantería Fecha de adquisición Total de préstamos Signatura topográfica completa Código de barras Visto por última vez Precio de reemplazo Tipo de ítem Koha
    Clasificación Decimal Dewey     Biblioteca LadoV Biblioteca LadoV   04/07/2016   759.972.86 H565f 000832 04/07/2016 04/07/2016 Material 01